[Event "NOR-chT"]
[Site "Fagernes"]
[Date "2013.09.27"]
[Round "1.11"]
[White "Andreassen, Pal M"]
[Black "Tangen, Knut Lennart"]
[Result "1/2-1/2"]
[WhiteElo "2116"]
[BlackElo "2067"]
[PlyCount "48"]
[EventDate "2013.09.27"]
[EventType "team-swiss"]
[EventRounds "6"]
[EventCountry "NOR"]
[SourceTitle "CBM 156 Extra"]
[Source "ChessBase"]
[SourceDate "2013.10.22"]
[SourceVersion "1"]
[SourceVersionDate "2013.10.22"]
[SourceQuality "1"]
[WhiteTeam "SOSS"]
[BlackTeam "Lillehammer"]
[WhiteTeamCountry "NOR"]
[BlackTeamCountry "NOR"]

1. c4 c5 2. Nc3 Nf6 3. g3 e6 4. e4 Nc6 5. Bg2 a6 6. f4 d6 7. Nf3 Qc7 8. 0-0 Be7 9. h3 Rb8 10. a4 0-0 11. Kh2 Bd7 12. d3 Rbd8 13. Be3 Bc8 14. Rc1 b6 15. d4 cxd4 16. Nxd4 Nxd4 17. Qxd4 Nd7 18. b4 Bb7 19. h4 Qb8 20. f5 Bf6 21. Qd2 Ne5 22. fxe6 fxe6 23. Bh3 Rfe8 24. Qa2 Nd3 1/2-1/2

[Event "NOR-chT Clubs"]
[Site "Fagernes"]
[Date "2012.06.10"]
[Round "5"]
[White "Mikalsen, Erlend"]
[Black "Tangen, Knut Lennart"]
[Result "1/2-1/2"]
[WhiteElo "2079"]
[BlackElo "2072"]
[PlyCount "43"]
[EventDate "2012.06.08"]
[EventType "team-swiss"]
[EventRounds "6"]
[EventCountry "NOR"]
[SourceTitle "CBM 148 Extra"]
[Source "ChessBase"]
[SourceDate "2012.06.22"]
[SourceVersion "1"]
[SourceVersionDate "2012.06.22"]
[SourceQuality "1"]
[WhiteTeam "Alta"]
[BlackTeam "Lillehammer"]
[WhiteTeamCountry "NOR"]
[BlackTeamCountry "NOR"]

1. e4 g6 2. d4 Bg7 3. Nc3 c6 4. g3 d5 5. e5 h5 6. Be3 Nh6 7. Bg2 Nf5 8. Nf3 Na6 9. Qe2 Nc7 10. 0-0-0 b6 11. Kb1 Ba6 12. Qe1 Qd7 13. Bc1 0-0-0 14. Ng5 e6 15. f4 Bf8 16. Ka1 Kb8 17. h3 c5 18. Nf3 cxd4 19. Nxd4 Nxd4 20. Rxd4 Bc5 21. Rd1 Qe8 22. g4 1/2-1/2

[Event "Centrocoop June op-A"]
[Site "Eforie Nord "]
[Date "1998.??.??"]
[Round "?"]
[White "Telea, Stefan"]
[Black "Tangen, Knut Lennart"]
[Result "1-0"]
[WhiteElo "2155"]
[BlackElo "2000"]
[PlyCount "71"]
[EventDate "1998.06.??"]
[EventType "swiss"]
[EventRounds "11"]
[EventCountry "ROU"]
[SourceTitle "EXT 2000"]
[Source "ChessBase"]
[SourceDate "1999.11.16"]
[SourceVersion "1"]
[SourceVersionDate "1999.11.16"]
[SourceQuality "1"]

1. d4 Nf6 2. c4 g6 3. Nc3 Bg7 4. e4 d6 5. h3 0-0 6. Bg5 c5 7. d5 e6 8. Bd3 Re8 9. Nf3 exd5 10. cxd5 h6 11. Bd2 Nxe4 12. 0-0 Nxd2 13. Qxd2 Nd7 14. Rfe1 Ne5 15. Nxe5 Rxe5 16. Rxe5 dxe5 17. Bc4 a6 18. d6 b5 19. Bd5 Ra7 20. Ne4 Kh8 21. Bc6 Bb7 22. Bxb7 Rxb7 23. Nxc5 Rb6 24. Rd1 Bf8 25. Qa5 Rb8 26. Qxa6 Rb6 27. Qa5 Rb8 28. Qc7 Rc8 29. Qxc8 Qxc8 30. d7 Qxc5 31. d8Q Kg7 32. Qd5 Qc2 33. Qxe5+ Kg8 34. Rd8 Qb1+ 35. Kh2 Qh1+ 36. Kxh1 1-0